| 000 | 00434nam a2200181Ia 4500 | ||
|---|---|---|---|
| 001 | 27363 | ||
| 008 | 140414s9999 xx 000 0 und d | ||
| 020 | _a0-7195-4194-8 | ||
| 040 | _cPK-LaUMT | ||
| 082 |
_a 657.2 _bCOX-S |
||
| 100 | _aDavid Cox | ||
| 245 |
_aSuccess in book-keeping & accounts _cDavid Cox |
||
| 260 |
_aLondon,UK: _bJohn Murray, _c1987 |
||
| 300 | _a416 p. | ||
| 546 | _aEN | ||
| 650 | _aAccounting | ||
| 942 | _cBK | ||
| 999 |
_c27501 _d27501 |
||